Oxford companion to sports and games (Record no. 32013)

MARC details
000 -LEADER
fixed length control field 00282nam a2200109Ia 4500
082 ## - DEWEY DECIMAL CLASSIFICATION NUMBER
Classification number 796
Item number ARL
245 #0 - TITLE STATEMENT
Title Oxford companion to sports and games
260 ## - PUBLICATION, DISTRIBUTION, ETC. (IMPRINT)
Place of publication London
Name of publisher Oxford University
Year of publication 1975
700 ## - ADDED ENTRY--PERSONAL NAME
Personal name Arlott, John
942 ## - ADDED ENTRY ELEMENTS (KOHA)
Koha item type Books
Holdings
Withdrawn status Lost status Damaged status Not for loan Home library Current library Date acquired Cost, normal purchase price Full call number Accession Number Koha item type
        RRII Library RRII Library 16/12/2021 8.50 796 ARL 12539 Books